Republic (Record no. 56260)

MARC details
000 -LEADER
fixed length control field 00801nam a2200205 a 4500
008 - FIXED-LENGTH DATA ELEMENTS--GENERAL INFORMATION
fixed length control field 120210s1992 ||||||||||||||||| || u
020 ## - INTERNATIONAL STANDARD BOOK NUMBER
International Standard Book Number 0872201368
050 ## - LIBRARY OF CONGRESS CALL NUMBER
Classification number JC 71 Pla
100 ## - MAIN ENTRY--PERSONAL NAME
Personal name Plato
245 10 - TITLE STATEMENT
Title Republic
Statement of responsibility, etc. translated by G. M. A. Grube; revised by C.D.C. Reeve
260 ## - PUBLICATION, DISTRIBUTION, ETC.
Place of publication, distribution, etc. Indianapolis, IN
Name of publisher, distributor, etc. Hackett Publishing
Date of publication, distribution, etc. 1992
300 ## - PHYSICAL DESCRIPTION
Extent xx, 300p.
350 ## - PRICE (NR) (BK AM CF MU VM SE) [OBSOLETE]
Price 0.00
500 ## - GENERAL NOTE
General note It is thought that "the Republic" was written in c. 380 BC
650 ## - SUBJECT ADDED ENTRY--TOPICAL TERM
Topical term or geographic name entry element UTOPIAS
650 ## - SUBJECT ADDED ENTRY--TOPICAL TERM
Topical term or geographic name entry element POLITICAL SCIENCE--ITALY--HISTORY--16TH CENTURY
700 ## - ADDED ENTRY--PERSONAL NAME
Personal name Reeve, C.D.C., 1948-
700 ## - ADDED ENTRY--PERSONAL NAME
Personal name Grube, G.M.A. (George Maximilian Anthony)
995 ## - RECOMMENDATION 995 [LOCAL, UNIMARC FRANCE]
-- 0.00
-- CBU-MAIN LIBRARY (Kitwe)
-- 1
-- 0.00
-- 1
-- AVAILABLE
-- Apr 12, 2012
-- Main Library Open Access Collection
Holdings
Withdrawn status Lost status Source of classification or shelving scheme Damaged status Not for loan Home library Current library Shelving location Date acquired Total Checkouts Full call number Barcode Date last seen Price effective from Koha item type
          CBU-MAIN LIBRARY, KITWE. CBU-MAIN LIBRARY, KITWE.   11/30/2022   JC 71 Pla 742879 11/30/2022 11/30/2022 MONOGRAPH